书目信息 |
| 题名: |
西药手册
|
|
| 作者: | ;中国医药公司 编 | |
| 分册: | ||
| 出版信息: | 北京 人民卫生出版社 1963 |
|
| 页数: | 266页 | |
| 开本: | 19cm | |
| 丛书名: | ||
| 单 册: | ||
| 中图分类: | R9-62 | |
| 科图分类: | ||
| 主题词: | 药物--手册 , 药物学 | |
| 电子资源: | ||
| ISBN: | ||
| 000 | 00617nam0 2200253 45 981 | |
| 001 | 0630173390 | |
| 005 | 20060812082345.00 | |
| 010 | @dCNY0.55 | |
| 091 | @a14048.1938 | |
| 100 | @a19960423d1963 em y0chiy0121 ea | |
| 101 | 0 | @achi |
| 102 | @aCN@b110000 | |
| 105 | @ay z 000yy | |
| 106 | @ar | |
| 200 | 10 | @a西药手册@f中国医药公司编l |
| 205 | @a2版(修订本) | |
| 210 | @a北京@c人民卫生出版社@d1963 | |
| 215 | @a266页@d19cm | |
| 606 | @a药物@x手册 | |
| 606 | 0 | @a药物学 |
| 690 | @aR9-62@v3 | |
| 711 | 02 | @a中国医药公司@4编@Azhong guo yi yao gong si |
| 801 | 0 | @c20060812 |
| 905 | @a10447@dR9-62@e39 | |
| 西药手册/中国医药公司编l .-2版(修订本) .-北京:人民卫生出版社,1963 |
| 266页;19cm |
| ISBN :CNY0.55 |
| ● |
| 相关链接 |
|
|
|
|
正题名:西药手册
索取号:R9-62/39
 
预约/预借
| 序号 | 登录号 | 条形码 | 馆藏地/架位号 | 状态 | 备注 |
| 1 | 0452308 | 204523088 | 密集书库/ [索取号:R9-62/39] | 在馆 |